000 01176nmm a2200277 a 4500
001 ocm000891642
003 TR-IsHL
005 20201028145103.0
008 141201s2004 tu tur
007 cr cn
035 _a891642
_b(N$T)
050 0 4 _aNK1011
_b.E57 2004
090 0 4 _aNK1011
_b.E57 2004
245 1 0 _aEl sanatları: İstanbul Büyükşehir Belediyesi Sanat ve Meslek Eğitimi Kursları (İSMEK) el sanatları dergisi, sayı 1
_h[electronic resource] /
_cİstanbul Büyük Şehir Belediyesi - Sanat ve Meslek Eğitimi Kursları (İSMEK)
260 _aİstanbul :
_bİstanbul Büyük Şehir Belediyesi - Sanat ve Meslek Eğitimi Kursları (İSMEK) Yayınları,
_c2004
300 _a164 p.
650 4 _aGüzel Sanatlar
650 4 _aFine Arts
650 0 _aEl sanatları
_xTurkiye
650 0 _aDecoration and ornament
_xTurkey
650 0 _aHalk sanatı
_xTürkiye
650 0 _aFolk art
_xTurkey
650 7 _aCRAFTS & HOBBIES / General
_2bisacsh
700 1 _aİstanbul Büyük Şehir Belediyesi - Sanat ve Meslek Eğitimi Kursları (İSMEK)
856 4 0 _uhttp://search.ebscohost.com/login.aspx?direct=true&scope=site&db=e011xww&AN=891642
999 _c9774
_d9774